ER Characters Quiz Stats

 Plays Quiz Updated Jan 17, 2012

Score 0/26 Timer 08:00
0 Plays Today
Actor Character % Correct
Noah WyleDr. John Carter
94.9%
Anthony EdwardsDr. Mark Greene
84.5%
George ClooneyDr. Doug Ross
74%
Goran VisnjicDr. Luka Kovac
71.1%
Maura TierneyDr. Abby Lockhart
71.1%
Eriq La SalleDr. Peter Benton
68.8%
Julianna MarguliesNurse Carol Hathaway
64.4%
Laura InnesDr. Kerry Weaver
62.4%
Alex KingstonDr. Elizabeth Corday
56.8%
Sherry StringfieldDr. Susan Lewis
55.4%
Parminder NagraDr. Neela Rasgotra
49.9%
Paul McCraneDr. Robert 'Rocket' Romano
46.3%
Ming-NaDr. Jing-Mei 'Deb' Chen
46%
Actor Character % Correct
Mekhi PhiferDr. Gregory Pratt
45%
Linda CardelliniNurse Samantha Taggart
42.4%
Kellie MartinLucy Knight
38.6%
Sharif AtkinsDr. Michael Gallant
35.5%
Scott GrimesDr. Archie Morris
34.3%
Shane WestDr. Ray Barnett
31.3%
John StamosDr. Tony Gates
29.1%
Gloria ReubenPA Jeanie Boulet
28.7%
Erik PalladinoDr. Dave Malucci
24.6%
Michael MicheleDr. Cleo Finch
23.1%
Maria BelloDr. Anna Del Amico
20.2%
Angela BassettDr. Catherine Banfield
17%
David LyonsDr. Simon Brenner
13.3%

You're not logged in!

Compare scores with friends on all Sporcle quizzes.
OR
Log In

Sporcle TV

Today on Sporcle TV


Watch our educational content, quiz creation guides, and fun videos on Sporcle TV.

Show Comments

Extras

Top Quizzes Today


Score Distribution

Your Account Isn't Verified!

In order to create a playlist on Sporcle, you need to verify the email address you used during registration. Go to your Sporcle Settings to finish the process.

Report this User

Report this user for behavior that violates our Community Guidelines.

Details: